Koronavírus - opatrenia v oblasti dane z príjmov

Vláda SR v nadväznosti na šírenie koronavírusu COVID-19 sa rozhodla rôznymi opatreniami zabrániť šíreniu koronavírusu a zmierniť ekonomické dosahy na firmy a obyvateľstvo. Jedným z takýchto opatrení bolo nariadenie vlády SR č. 48/2020 Z. z. o zániku daňového nedoplatku zodpovedajúceho nezaplatenej s...

Ausführliche Beschreibung

Gespeichert in:
Bibliographische Detailangaben
1. Verfasser: Vidová, Michaela
Format: Buchkapitel
Sprache:Slowakisch
Schlagworte:
Tags: Tag hinzufügen
Keine Tags, Fügen Sie das erste Tag hinzu!

MARC

LEADER 00000naa a2200000 4500
001 0265184
005 20201116113200.5
041 0 |a slo 
044 |a SK 
245 1 0 |a Koronavírus - opatrenia v oblasti dane z príjmov  |c Michaela Vidová 
520 |a Vláda SR v nadväznosti na šírenie koronavírusu COVID-19 sa rozhodla rôznymi opatreniami zabrániť šíreniu koronavírusu a zmierniť ekonomické dosahy na firmy a obyvateľstvo. Jedným z takýchto opatrení bolo nariadenie vlády SR č. 48/2020 Z. z. o zániku daňového nedoplatku zodpovedajúceho nezaplatenej sankcii prislúchajúcej k zaplatenej dani z príjmov a zákon č. 67/2020 Z. z. o niektorých mimoriadnych opatreniach vo finančnej oblasti. 
610 2 0 |a ochrana zdravia 
610 2 0 |a opatrenia 
610 2 0 |a vláda 
610 2 0 |a dane z príjmov 
610 2 0 |a priznania daňové 
610 2 0 |a koronavírus 
100 1 |a Vidová, Michaela